| 000 | 00625nam a2200181 i 4500 | ||
|---|---|---|---|
| 001 | 101990 | ||
| 003 | ES-MaACL | ||
| 005 | 20231111062529.0 | ||
| 007 | t| | ||
| 008 | 051028s1922 pn ||||1| spa d | ||
| 100 | 1 |
_aMéndez Pereira, Octavio. _980168 |
|
| 245 | 1 | 0 |
_aHistoria de la Literatura Española / _capuntes tomados de uno de los cursos dictados... por el Prof. Octavio Méndez Pereira publicados; por Fabián Velarde. |
| 260 |
_aPanamá : _bEl tiempo, _c1922. |
||
| 300 |
_av. ; _c16 cm. |
||
| 650 | 4 |
_aLiteratura española- _xHistoria y crítica _914560 |
|
| 852 |
_aES-MaACL _jF-7506 |
||
| 999 |
_c101990 _d101990 |
||